Computer security : (Record no. 11252)
[ view plain ]
| 000 -LEADER | |
|---|---|
| fixed length control field | 01327cam a22003375a 4500 |
| 001 - CONTROL NUMBER | |
| control field | 15670377 |
| 005 - DATE AND TIME OF LATEST TRANSACTION | |
| control field | 20090327071428.0 |
| 008 - FIXED-LENGTH DATA ELEMENTS--GENERAL INFORMATION | |
| fixed length control field | 090323s2008 njua b 001 0 eng d |
| 010 ## - LIBRARY OF CONGRESS CONTROL NUMBER | |
| LC control number | 2009277150 |
| 015 ## - NATIONAL BIBLIOGRAPHY NUMBER | |
| National bibliography number | GBA789709 |
| Source | bnb |
| 016 7# - NATIONAL BIBLIOGRAPHIC AGENCY CONTROL NUMBER | |
| Record control number | 014049008 |
| Source | Uk |
| 020 ## - INTERNATIONAL STANDARD BOOK NUMBER | |
| International Standard Book Number | 9780135137116 |
| 020 ## - INTERNATIONAL STANDARD BOOK NUMBER | |
| International Standard Book Number | 013513711x |
| 035 ## - SYSTEM CONTROL NUMBER | |
| System control number | (OCoLC)ocn166887344 |
| 040 ## - CATALOGING SOURCE | |
| Original cataloging agency | IAH |
| Transcribing agency | IAH |
| Modifying agency | BTCTA |
| -- | BAKER |
| -- | YDXCP |
| -- | UKM |
| -- | OIP |
| -- | AU@ |
| -- | NOC |
| -- | DLC |
| 042 ## - AUTHENTICATION CODE | |
| Authentication code | lccopycat |
| 082 04 - DEWEY DECIMAL CLASSIFICATION NUMBER | |
| Classification number | 005.8 |
| Edition number | 22 |
| Item number | STA |
| 100 1# - MAIN ENTRY--PERSONAL NAME | |
| Personal name | Stallings, William. |
| 9 (RLIN) | 3478 |
| 245 10 - TITLE STATEMENT | |
| Title | Computer security : |
| Remainder of title | Principles and practice / |
| Statement of responsibility, etc | William Stallings, Lawrie Brown ; with contributions by Mick Bauer, Michael Howard. |
| 260 ## - PUBLICATION, DISTRIBUTION, ETC. (IMPRINT) | |
| Place of publication, distribution, etc | Upper Saddle River, N.J. : |
| Name of publisher, distributor, etc | Prentice Hall, |
| Date of publication, distribution, etc | c2008. |
| 300 ## - PHYSICAL DESCRIPTION | |
| Extent | xviii, 798 p. : |
| Other physical details | ill. ; |
| Dimensions | 25 cm. |
| 504 ## - BIBLIOGRAPHY, ETC. NOTE | |
| Bibliography, etc | Includes bibliographical references and index. |
| 650 #0 - SUBJECT ADDED ENTRY--TOPICAL TERM | |
| Topical term or geographic name as entry element | Computer security. |
| 9 (RLIN) | 3479 |
| 650 #0 - SUBJECT ADDED ENTRY--TOPICAL TERM | |
| Topical term or geographic name as entry element | Computer networks |
| General subdivision | Security measures. |
| 9 (RLIN) | 3480 |
| 700 1# - ADDED ENTRY--PERSONAL NAME | |
| Personal name | Brown, Lawrie. |
| 9 (RLIN) | 3481 |
| 700 1# - ADDED ENTRY--PERSONAL NAME | |
| Personal name | Bauer, Michael D. |
| 9 (RLIN) | 3482 |
| 700 1# - ADDED ENTRY--PERSONAL NAME | |
| Personal name | Howard, Michael, |
| Dates associated with a name | 1965- |
| 9 (RLIN) | 3483 |
| 942 ## - ADDED ENTRY ELEMENTS (KOHA) | |
| Source of classification or shelving scheme | Dewey Decimal Classification |
| Item type | Book - Borrowing |
| Withdrawn status | Item status | Source of classification or shelving scheme | Damaged status | Not for loan | Vendor | Home library | Current library | Shelving location | Date acquired | Source of acquisition | Cost, normal purchase price | Serial Enumeration / chronology | Total Checkouts | Total Renewals | Full call number | Barcode | Date last seen | Date last borrowed | Koha item type |
|---|---|---|---|---|---|---|---|---|---|---|---|---|---|---|---|---|---|---|---|
| Dewey Decimal Classification | Alahram | Central Library | Central Library | Lower Floor | 09/04/2009 | 225.00 | 376 | 3 | 6 | 005.8 STA | 000015929 | 15/07/2025 | 25/05/2022 | Book - Borrowing |